| Tag |
First Indicator |
Second Indicator |
Subfields |
| LEADER |
00000cam a22000008a 4500 |
| 001 |
in00000096659 |
| 005 |
20150924084804.0 |
| 008 |
811125s1982 maua b 00100 eng |
| 010 |
|
|
|a 81020215
|
| 020 |
|
|
|a 0916782247 :
|c $25.00
|
| 020 |
|
|
|a 0916782255 (pbk.) :
|c $12.95
|
| 035 |
|
|
|a (OCoLC)08033406
|
| 035 |
|
|
|9 AAK8792AM
|
| 039 |
0 |
|
|a 2
|b 3
|c 3
|d 3
|e 3
|
| 040 |
|
|
|a DLC
|c DLC
|d TXA
|d UtOrBLW
|
| 043 |
|
|
|a n-us---
|
| 049 |
|
|
|a TXAM
|c [1673751]
|
| 050 |
0 |
0 |
|a HD1289 U6
|b F57
|
| 082 |
0 |
|
|a 333.78/3/0973
|2 19
|
| 100 |
1 |
|
|a Fleming, Ronald Lee.
|
| 245 |
1 |
0 |
|a On common ground :
|b caring for shared land from town common to urban park /
|c Ronald Lee Fleming and Lauri A. Halderman ; with edited contributions by John R. Stilgoe and Thomas M. Paine ; preface by John Updike.
|
| 263 |
|
|
|a 8205
|
| 264 |
|
1 |
|a Harvard, Mass. :
|b Harvard Common Press ;
|a Cambrilge, Mass. :
|b Townscape Institute,
|c [1982]
|
| 264 |
|
4 |
|c ©1982
|
| 300 |
|
|
|a xviii, 171 pages :
|b illustrations ;
|c 29 cm.
|
| 336 |
|
|
|a text
|b txt
|2 rdacontent
|
| 337 |
|
|
|a unmediated
|b n
|2 rdamedia
|
| 338 |
|
|
|a volume
|b nc
|2 rdacarrier
|
| 500 |
|
|
|a Includes index.
|
| 504 |
|
|
|a Bibliography: pages 157-160.
|
| 650 |
|
0 |
|a Commons
|z United States.
|
| 700 |
1 |
|
|a Halderman, Lauri A.
|
| 999 |
|
|
|a MARS
|
| 999 |
f |
f |
|s 4b2a2baf-aa1b-315e-aee3-dbe2c622e012
|i 3a0c1f1a-e1f1-37db-af12-7241cdc88d8c
|t 0
|
| 952 |
f |
f |
|p ric
|a Texas A&M University
|b Rellis Campus
|c Joint Library Facility
|d Remote Storage
|t 0
|e HD1289 U6 F57
|h Library of Congress classification
|i unmediated -- volume
|m A14806014096
|
| 998 |
f |
f |
|a HD1289 U6 F57
|t 0
|l Remote Storage
|